[Event "MrDodgy Invitational 2"]
[Site "chess24.com INT"]
[Date "2021.05.14"]
[Round "2.2"]
[Board "2"]
[White "Fressinet, Laurent"]
[Black "Dubov, Daniil"]
[Result "1-0"]
[WhiteTitle "GM"]
[BlackTitle "GM"]
[WhiteElo "2638"]
[BlackElo "2710"]
[WhiteFideId "608742"]
[BlackFideId "24126055"]
[EventDate "2021.05.12"]
[EventType "k.o."]

1. Nf3 Nf6 2. g3 g6 3. c4 b6 4. d4 Bb7 5. Bg2 Bg7 6. O-O O-O 7. d5 Na6 8. Nc3
Nc5 9. Qc2 c6 10. Rd1 cxd5 11. cxd5 e6 12. dxe6 fxe6 13. Be3 Rc8 14. Bd4 Nce4
15. Qa4 Nxc3 16. Bxc3 Bc6 17. Qa3 Qc7 18. Rac1 Qb7 19. Be5 Bd5 20. b3 Nh5 21.
Bxg7 Nxg7 22. Rxc8 Rxc8 23. Rc1 Rxc1+ 24. Qxc1 Nf5 25. Qf4 Bxf3 26. Bxf3 Qc8 27.
h4 a5 28. h5 Qc5 29. Qg5 Kg7 30. g4 Nd4 31. h6+ Kf7 32. Qd8 Nxf3+ 33. exf3 Qd4
34. Kg2 Qd2 35. Kg3 Qd6+ 36. Kg2 Qd2 37. Qxb6 Qxh6 38. Qxa5 Qf4 39. Qa7 Qd2 40.
a4 h5 41. Qe3 Qb4 42. Qe4 Qxb3 43. gxh5 gxh5 44. Qh7+ Kf6 45. Qh6+ Ke5 46. Qxh5+
Kd6 47. a5 Qb2 48. a6 Qg7+ 49. Qg4 Qa1 50. Qb4+ Kc6 51. Qb7+ Kd6 52. a7 Qg7+ 53.
Kf1 Qa1+ 54. Ke2 Qa2+ 55. Kd3 Qa3+ 56. Ke4 Qa4+ 57. Ke3 Qa3+ 58. Kf4 Qc1+ 59.
Kg4 Qg1+ 60. Kh5 Qh2+ 61. Kg4 1-0

[Event "MrDodgy Invitational 2"]
[Site "chess24.com INT"]
[Date "2021.05.14"]
[Round "2.3"]
[Board "2"]
[White "Dubov, Daniil"]
[Black "Fressinet, Laurent"]
[Result "1/2-1/2"]
[WhiteTitle "GM"]
[BlackTitle "GM"]
[WhiteElo "2710"]
[BlackElo "2638"]
[WhiteFideId "24126055"]
[BlackFideId "608742"]
[EventDate "2021.05.12"]
[EventType "k.o."]

1. d4 Nf6 2. Nf3 d5 3. c4 e6 4. g3 Be7 5. Bg2 O-O 6. O-O c6 7. Nc3 a5 8. Nd2 b5
9. b3 Ba6 10. Bb2 bxc4 11. bxc4 Nbd7 12. Qc2 Rb8 13. Rab1 Nb6 14. c5 Nc4 15.
Nxc4 Bxc4 16. Rfd1 Qd7 17. Bc1 Rxb1 18. Qxb1 Qa7 19. Bf4 Nh5 20. Be5 f6 21. Bd6
Bxd6 22. cxd6 Rb8 23. Qc1 f5 24. e4 fxe4 25. Nxe4 Qd7 26. Re1 Bxa2 27. Qa3 dxe4
28. Qxa2 Qxd6 29. Qxa5 Nf6 30. Qe5 Rd8 31. Bxe4 Qxe5 32. dxe5 Nxe4 33. Rxe4 Rc8
34. Kf1 c5 35. Ke2 Kf7 36. Rc4 Kg6 37. f4 Kf5 38. Kf3 h5 39. h3 Kg6 40. g4 hxg4+
41. hxg4 Kf7 42. f5 Rc7 43. Kf4 Rc8 44. Kg5 Rc7 45. Kf4 Rc8 46. Ra4 Rc7 47. Rc4 1/2-1/2

[Event "MrDodgy Invitational 2"]
[Site "chess24.com INT"]
[Date "2021.05.14"]
[Round "2.4"]
[Board "2"]
[White "Fressinet, Laurent"]
[Black "Dubov, Daniil"]
[Result "1-0"]
[WhiteTitle "GM"]
[BlackTitle "GM"]
[WhiteElo "2638"]
[BlackElo "2710"]
[WhiteFideId "608742"]
[BlackFideId "24126055"]
[EventDate "2021.05.12"]
[EventType "k.o."]

1. Nf3 a6 2. e4 c5 3. c3 g6 4. d4 cxd4 5. cxd4 d5 6. e5 Nc6 7. h3 Bg7 8. Nc3 f6
9. Bd3 fxe5 10. dxe5 e6 11. O-O Nh6 12. Bg5 Qc7 13. Re1 O-O 14. Qe2 Bd7 15. Rac1
Nf5 16. Na4 Rae8 17. Nc5 Bc8 18. Nb3 Bd7 19. Bxf5 Rxf5 20. Nbd4 Rf7 21. Qe3 Ref8
22. Bh6 Bxh6 23. Qxh6 Qb6 24. Qd2 Nxd4 25. Qxd4 Qxd4 26. Nxd4 Rxf2 27. Rc7 R2f4
28. Nf3 Bc8 29. Rec1 Rc4 30. R1xc4 dxc4 31. Ng5 Rd8 32. Nxh7 b5 33. Nf6+ Kf8 34.
h4 a5 35. g4 Ba6 36. h5 gxh5 37. gxh5 Rd1+ 38. Kg2 Rd2+ 39. Kg3 Rxb2 40. h6 Rb1
41. h7 Rh1 42. Ra7 c3 43. Rxa6 b4 44. Rxa5 Kf7 45. Ra8 c2 46. Rc8 1-0

[Event "MrDodgy Invitational 2"]
[Site "chess24.com INT"]
[Date "2021.05.14"]
[Round "2.5"]
[Board "2"]
[White "Dubov, Daniil"]
[Black "Fressinet, Laurent"]
[Result "1-0"]
[WhiteTitle "GM"]
[BlackTitle "GM"]
[WhiteElo "2710"]
[BlackElo "2638"]
[WhiteFideId "24126055"]
[BlackFideId "608742"]
[EventDate "2021.05.12"]
[EventType "k.o."]

1. Nf3 d5 2. d4 Nf6 3. c4 e6 4. Nc3 Be7 5. Bg5 h6 6. Bxf6 Bxf6 7. e3 c6 8. cxd5
cxd5 9. Bd3 Nc6 10. O-O O-O 11. Rc1 Be7 12. Na4 Bd7 13. Nc5 Bxc5 14. Rxc5 Rc8
15. Qd2 Rc7 16. Rfc1 Qb8 17. Ne5 Rfc8 18. Nxd7 Rxd7 19. Bb5 Rdc7 20. Qc3 a6 21.
Ba4 Rd7 22. g3 Rd6 23. b4 g6 24. h4 h5 25. b5 axb5 26. Bxb5 Qa7 27. a4 Ra8 28.
Kg2 Rdd8 29. Qd2 Rdc8 30. Qb2 Qb6 31. Qa3 Ne7 32. a5 Qd8 33. Rxc8 Nxc8 34. Bd3
Nd6 35. Ra1 Qc7 36. Qb4 Nc4 37. Bxc4 dxc4 38. Rc1 Qc6+ 39. Kg1 Rc8 40. Rc3 Qf3
41. Rxc4 Ra8 42. Rc7 Qf5 43. Rc5 Qe4 44. Qc3 Qb1+ 45. Kg2 Qe4+ 46. Kg1 Qb1+ 47.
Kh2 Qa2 48. Kg2 Qa4 49. e4 Qd7 50. d5 exd5 51. Rxd5 Qe6 52. Qd4 Re8 53. Rd8 Rxd8
54. Qxd8+ Kg7 55. Qd5 Kg8 56. Qxe6 Kg7 57. Qe5+ 1-0

[Event "MrDodgy Invitational 2"]
[Site "chess24.com INT"]
[Date "2021.05.14"]
[Round "2.6"]
[Board "2"]
[White "Fressinet, Laurent"]
[Black "Dubov, Daniil"]
[Result "1/2-1/2"]
[WhiteTitle "GM"]
[BlackTitle "GM"]
[WhiteElo "2638"]
[BlackElo "2710"]
[WhiteFideId "608742"]
[BlackFideId "24126055"]
[EventDate "2021.05.12"]
[EventType "k.o."]

1. Nf3 Nf6 2. g3 g6 3. Bg2 Bg7 4. c4 c6 5. b3 d6 6. d4 O-O 7. Bb2 Bf5 8. O-O Qc8
9. Nbd2 Bh3 10. e4 Na6 11. Qe2 Bxg2 12. Kxg2 Nc7 13. Rac1 Re8 14. Rfd1 Nh5 15.
Qe3 c5 16. Bc3 cxd4 17. Bxd4 Nf6 18. Ba1 b6 19. Nb1 Qb7 20. Nc3 Rac8 21. Qe2 a6
22. Nd4 e6 23. Qf3 Nd7 24. Nde2 Ne5 25. Qf4 Rcd8 26. Kg1 b5 27. cxb5 axb5 28.
Nd4 b4 29. Na4 Nb5 30. Nxb5 Qxb5 31. Qe3 d5 32. exd5 exd5 33. Bxe5 Rxe5 34. Qb6
Qe8 35. Qxb4 h5 36. Nc5 Bf8 37. Qd4 Bg7 38. Qb4 Bh6 39. Rb1 Bf8 40. Qd4 Bg7 41.
Qb4 Bf8 42. Qd4 h4 43. b4 h3 44. Qg4 Bxc5 45. bxc5 d4 46. Qxh3 Rxc5 47. Qf1 Rc2
48. Rb3 Rxa2 49. Rbd3 Qe4 50. Qe1 Qa8 51. Rxd4 Re8 52. Qxe8+ Qxe8 53. Rd8 Ra8
54. Rxe8+ Rxe8 55. Kf1 Kg7 56. Re1 Rh8 57. h4 Ra8 58. Kg2 Ra5 59. Re3 Ra4 60.
Rf3 Ra5 61. Re3 Rf5 62. Rf3 Ra5 63. Re3 1/2-1/2

[Event "MrDodgy Invitational 2"]
[Site "chess24.com INT"]
[Date "2021.05.14"]
[Round "2.7"]
[Board "2"]
[White "Dubov, Daniil"]
[Black "Fressinet, Laurent"]
[Result "1-0"]
[WhiteTitle "GM"]
[BlackTitle "GM"]
[WhiteElo "2710"]
[BlackElo "2638"]
[WhiteFideId "24126055"]
[BlackFideId "608742"]
[EventDate "2021.05.12"]
[EventType "k.o."]

1. e4 e5 2. Nf3 Nc6 3. Bc4 Bc5 4. c3 Nf6 5. d3 a6 6. h3 d6 7. Nbd2 Ba7 8. Bb3
O-O 9. Nf1 Be6 10. Ng3 h6 11. O-O Re8 12. Be3 Bxb3 13. Qxb3 Qd7 14. Bxa7 Rxa7
15. Rad1 Qe6 16. Qa4 Raa8 17. d4 Qd7 18. Qc2 Rad8 19. dxe5 Nxe5 20. Nxe5 Rxe5
21. f4 Re6 22. e5 Nh7 23. Nf5 Nf8 24. Qd3 Rg6 25. Nh4 Re6 26. Qg3 Qe8 27. Nf5
Rg6 28. Qh4 Kh7 29. Ng3 Re6 30. Ne4 Kg8 31. Rd3 Ng6 32. Qg3 dxe5 33. Rxd8 Qxd8
34. f5 Nf4 35. Qg4 Rb6 36. Rd1 Qe8 37. g3 h5 38. Qh4 Ne2+ 39. Kf2 Rxb2 40. Rd8
Nd4+ 41. Kf1 Rb1+ 42. Kf2 Rb2+ 43. Kf1 Rb1+ 44. Kg2 Rb2+ 45. Nf2 Qxd8 46. Qxd8+
Kh7 47. cxd4 e4 48. Qe7 1-0

[Event "MrDodgy Invitational 2"]
[Site "chess24.com INT"]
[Date "2021.05.14"]
[Round "2.8"]
[Board "2"]
[White "Fressinet, Laurent"]
[Black "Dubov, Daniil"]
[Result "0-1"]
[WhiteTitle "GM"]
[BlackTitle "GM"]
[WhiteElo "2638"]
[BlackElo "2710"]
[WhiteFideId "608742"]
[BlackFideId "24126055"]
[EventDate "2021.05.12"]
[EventType "k.o."]

1. d4 Nf6 2. Nf3 c5 3. c3 d5 4. dxc5 e6 5. b4 a5 6. e3 axb4 7. cxb4 b6 8. Bb5+
Bd7 9. Bxd7+ Nbxd7 10. a4 bxc5 11. b5 c4 12. O-O Bd6 13. Bb2 Nc5 14. Nbd2 Nd3
15. Bc3 O-O 16. a5 e5 17. b6 Qd7 18. a6 Qc6 19. Ra4 Qxb6 20. Qa1 Ng4 21. Rb1 Qc6
22. a7 Ngxf2 23. Ra6 Qc5 24. Nf1 Ne4 25. Ra5 Qc6 26. Ra6 Qc7 27. Ba5 Qd7 28. Be1
Bc5 29. Rb5 Qxb5 0-1

[Event "MrDodgy Invitational 2"]
[Site "chess24.com INT"]
[Date "2021.05.14"]
[Round "2.9"]
[Board "2"]
[White "Dubov, Daniil"]
[Black "Fressinet, Laurent"]
[Result "1/2-1/2"]
[WhiteTitle "GM"]
[BlackTitle "GM"]
[WhiteElo "2710"]
[BlackElo "2638"]
[WhiteFideId "24126055"]
[BlackFideId "608742"]
[EventDate "2021.05.12"]
[EventType "k.o."]

1. e4 e5 2. Nf3 Nc6 3. Bc4 Bc5 4. c3 Nf6 5. d3 d6 6. h3 a6 7. Nbd2 Be6 8. b4 Ba7
9. O-O O-O 10. a4 Qd7 11. Bxe6 Qxe6 12. Re1 Ne7 13. Nf1 Ng6 14. Ng3 d5 15. Qc2
dxe4 16. dxe4 Qc4 17. Bg5 Ne8 18. Nf5 f6 19. Be3 Nd6 20. Nxd6 cxd6 21. Bxa7 Rxa7
22. Rad1 Rd8 23. Nd2 Qc6 24. Qb3+ Kh8 25. Nc4 b5 26. Na5 Qc8 27. axb5 axb5 28.
Rd5 Rc7 29. Re3 Nf4 30. Rxb5 Rxc3 31. Rxc3 Ne2+ 32. Kh2 Nxc3 33. Rb7 Nxe4 34.
Qf7 Rg8 35. f3 Nd2 36. Rc7 Qf5 37. Nc6 Qf4+ 38. Kh1 Qe3 39. Ne7 Qe1+ 40. Kh2
Nf1+ 41. Kg1 Nd2+ 42. Kh2 Nxf3+ 43. gxf3 Qf2+ 44. Kh1 Qf1+ 45. Kh2 Qf2+ 46. Kh1
Qf1+ 47. Kh2 Qf2+ 1/2-1/2

[Event "MrDodgy Invitational 2"]
[Site "chess24.com INT"]
[Date "2021.05.14"]
[Round "2.10"]
[Board "2"]
[White "Fressinet, Laurent"]
[Black "Dubov, Daniil"]
[Result "1/2-1/2"]
[WhiteTitle "GM"]
[BlackTitle "GM"]
[WhiteElo "2638"]
[BlackElo "2710"]
[WhiteFideId "608742"]
[BlackFideId "24126055"]
[EventDate "2021.05.12"]
[EventType "k.o."]

1. Nf3 d5 2. d4 Nf6 3. c4 e6 4. Nc3 c6 5. e3 Nbd7 6. Bd2 Be7 7. Bd3 O-O 8. O-O
dxc4 9. Bxc4 b5 10. Bd3 Bb7 11. Rc1 a6 12. Ne2 c5 13. Ng3 Rc8 14. Qe2 cxd4 15.
Nxd4 Ne5 16. Bb1 Qd5 17. f3 Nc4 18. Bc3 b4 19. Be1 Nxe3 20. Rxc8 Nxf1 21. Rxf8+
Bxf8 22. Nxf1 Bc5 23. Bf2 Bxd4 24. Bxd4 Qxd4+ 25. Qf2 Qxf2+ 26. Kxf2 Kf8 27. Ke3
e5 28. Nd2 Ke7 29. Nc4 Ke6 30. Na5 Bd5 31. Bd3 Nd7 32. Bxa6 Bxa2 33. Nc6 Nc5 34.
Nxb4 Nxa6 35. Nxa2 f5 36. b4 Kd5 37. Kd3 e4+ 38. fxe4+ fxe4+ 39. Ke3 Nc7 40.
Nc3+ Kc4 41. Nxe4 Nd5+ 42. Kf3 Nxb4 43. Nd6+ Kd5 44. Ne8 g6 45. Nf6+ Ke5 46.
Nxh7 Nd3 47. h4 Ke6 48. Ng5+ Kf5 49. Nh3 Ne5+ 50. Kg3 Nd3 51. Nf2 Nxf2 52. Kxf2
Kg4 53. g3 g5 54. hxg5 Kxg5 55. g4 Kxg4 1/2-1/2

[Event "MrDodgy Invitational 2"]
[Site "chess24.com INT"]
[Date "2021.05.14"]
[Round "2.11"]
[Board "2"]
[White "Dubov, Daniil"]
[Black "Fressinet, Laurent"]
[Result "1-0"]
[WhiteTitle "GM"]
[BlackTitle "GM"]
[WhiteElo "2710"]
[BlackElo "2638"]
[WhiteFideId "24126055"]
[BlackFideId "608742"]
[EventDate "2021.05.12"]
[EventType "k.o."]

1. e4 e5 2. Nf3 Nc6 3. Bc4 Bc5 4. d3 Nf6 5. Nc3 h6 6. Nd5 d6 7. Be3 Bb6 8. O-O
Be6 9. Nxb6 axb6 10. Bxe6 fxe6 11. c3 O-O 12. Re1 Qe8 13. Qb3 Nh5 14. Nd2 Kh8
15. g3 Nf4 16. d4 Qg6 17. Qd1 Nd3 18. Re2 Nxb2 19. Qc2 Na4 20. Rb1 Qf6 21. Nb3
Qf3 22. Ree1 d5 23. Nd2 Qf6 24. exd5 exd4 25. Ne4 Qf5 26. dxc6 dxe3 27. Rxe3
bxc6 28. Rc1 b5 29. c4 Nb6 30. cxb5 cxb5 31. Nc5 Qxc2 32. Rxc2 Nc4 33. Rxe6 Rfe8
34. Rxe8+ Rxe8 35. a4 c6 36. axb5 cxb5 37. Na6 Ra8 38. Nc7 Ra1+ 39. Kg2 Nd6 40.
Rd2 Rc1 41. Ne6 Rc6 42. Nd8 Nc4 43. Rd5 Rb6 44. Rc5 Nd6 45. Rd5 Kg8 46. Ne6 b4
47. Nd4 Kf7 48. f4 Ke7 49. Nb3 Rb5 50. Rd4 Nf5 51. Re4+ Kf7 52. g4 Ne7 53. Kf3
h5 54. h3 hxg4+ 55. hxg4 Rb8 56. Rd4 Kf6 57. Rd6+ Kf7 58. f5 Rh8 59. Nd4 Rh3+
60. Ke4 Rh4 61. Kf4 Rh3 62. Nf3 Rh1 63. Rd8 Nc6 64. Rd6 Ne7 65. Ng5+ Ke8 66. Ne6
Rf1+ 67. Kg5 1-0

[Event "MrDodgy Invitational 2"]
[Site "chess24.com INT"]
[Date "2021.05.14"]
[Round "2.1"]
[Board "3"]
[White "Vidit, Santosh Gujrathi"]
[Black "Howell, David W L"]
[Result "0-1"]
[WhiteTitle "GM"]
[BlackTitle "GM"]
[WhiteElo "2726"]
[BlackElo "2658"]
[WhiteFideId "5029465"]
[BlackFideId "410608"]
[EventDate "2021.05.12"]
[EventType "k.o."]

1. Nf3 d5 2. d4 Nf6 3. c4 e6 4. Nc3 Nbd7 5. cxd5 exd5 6. Bg5 Be7 7. e3 O-O 8.
Bd3 Re8 9. Qc2 c6 10. O-O Nf8 11. Ne5 Ng4 12. Bxe7 Qxe7 13. Nxg4 Bxg4 14. Rfe1
Bh5 15. Rab1 a5 16. h3 Bg6 17. a3 Nd7 18. b4 axb4 19. axb4 b5 20. e4 dxe4 21.
Nxe4 Nf6 22. Nxf6+ Qxf6 23. Bxg6 hxg6 24. Qc5 Red8 25. Re5 Ra2 26. Rf1 Rd2 27.
Qb6 R8xd4 28. Re8+ Kh7 29. Rc8 Rd6 30. Qb8 Rd8 31. Rxd8 Rxd8 32. Qb6 Rd4 33. Qc5
Rc4 34. Qf8 Rc2 35. g3 g5 36. Qc8 Rc4 37. Qd7 Rxb4 38. Re1 Rb2 39. Rf1 g6 40.
Qd3 Kg7 0-1

[Event "MrDodgy Invitational 2"]
[Site "chess24.com INT"]
[Date "2021.05.14"]
[Round "2.2"]
[Board "3"]
[White "Howell, David W L"]
[Black "Vidit, Santosh Gujrathi"]
[Result "1-0"]
[WhiteTitle "GM"]
[BlackTitle "GM"]
[WhiteElo "2658"]
[BlackElo "2726"]
[WhiteFideId "410608"]
[BlackFideId "5029465"]
[EventDate "2021.05.12"]
[EventType "k.o."]

1. Nf3 Nf6 2. g3 c5 3. c4 Nc6 4. Nc3 d5 5. d4 cxd4 6. Nxd4 dxc4 7. Nxc6 Qxd1+ 8.
Nxd1 bxc6 9. Bg2 Nd5 10. Ne3 e6 11. Nxc4 Ba6 12. Na5 Rc8 13. Bd2 Be7 14. Rc1 c5
15. b3 h6 16. f4 O-O 17. Kf2 Rfd8 18. Rhd1 Kf8 19. Ke1 g5 20. Nc4 gxf4 21. gxf4
Nb4 22. a3 Nc6 23. e3 Rc7 24. Bc3 Rb8 25. Ne5 Bh4+ 26. Kd2 Bb7 27. Kc2 Ke7 28.
Nxc6+ Bxc6 29. Be5 Bxg2 30. Bxc7 Be4+ 31. Kb2 Bf6+ 32. Ka2 Rb7 33. Rxc5 Bd5 34.
Rd3 Ke8 35. Be5 Be7 36. Rc7 Rxc7 37. Bxc7 f5 38. Be5 a6 39. Rc3 1-0

[Event "MrDodgy Invitational 2"]
[Site "chess24.com INT"]
[Date "2021.05.14"]
[Round "2.3"]
[Board "3"]
[White "Vidit, Santosh Gujrathi"]
[Black "Howell, David W L"]
[Result "1-0"]
[WhiteTitle "GM"]
[BlackTitle "GM"]
[WhiteElo "2726"]
[BlackElo "2658"]
[WhiteFideId "5029465"]
[BlackFideId "410608"]
[EventDate "2021.05.12"]
[EventType "k.o."]

1. d4 d5 2. c4 e6 3. Nf3 Nf6 4. Nc3 Nbd7 5. cxd5 exd5 6. Bg5 c6 7. e3 Be7 8. Bd3
O-O 9. Qc2 Re8 10. O-O Nf8 11. h3 Ne4 12. Bf4 f5 13. Ne5 Ng6 14. f3 Nxf4 15.
exf4 Nd6 16. g4 Bh4 17. Na4 Bg3 18. Qd2 Qh4 19. Kg2 Rf8 20. Nc5 a5 21. Rac1 Rf6
22. Qe3 a4 23. Rc2 Rh6 24. Rh1 Rf6 25. Re2 Be6 26. Bc2 a3 27. b3 Re8 28. Qd2 Bc8
29. Ncd3 h6 30. Qb4 Nb5 31. Bd1 Ref8 32. Re3 g5 33. fxg5 hxg5 34. Qe7 Rh6 35.
Nd7 Bxd7 36. Qxd7 Nxd4 37. Re8 Rf6 38. Qe7 Bb8 39. Qxf6 Rxe8 40. Qg6+ Kf8 41.
Qf6+ Kg8 42. Qxd4 Qg3+ 43. Kf1 Bf4 44. Qf2 Qxf2+ 45. Kxf2 1-0

[Event "MrDodgy Invitational 2"]
[Site "chess24.com INT"]
[Date "2021.05.14"]
[Round "2.4"]
[Board "3"]
[White "Howell, David W L"]
[Black "Vidit, Santosh Gujrathi"]
[Result "1/2-1/2"]
[WhiteTitle "GM"]
[BlackTitle "GM"]
[WhiteElo "2658"]
[BlackElo "2726"]
[WhiteFideId "410608"]
[BlackFideId "5029465"]
[EventDate "2021.05.12"]
[EventType "k.o."]

1. Nf3 Nf6 2. g3 c5 3. c4 Nc6 4. Nc3 d5 5. d4 cxd4 6. Nxd4 dxc4 7. Nxc6 Qxd1+ 8.
Nxd1 bxc6 9. Bg2 Nd5 10. Ne3 e6 11. Nxc4 Ba6 12. Na5 Rc8 13. Bd2 Be7 14. Rc1 c5
15. b3 h6 16. h4 O-O 17. h5 Rfd8 18. f4 Kf8 19. Bf3 Bf6 20. Nc4 Bxc4 21. Rxc4
Bd4 22. Kf1 Ne3+ 23. Bxe3 Bxe3 24. Kg2 Rd2 25. Ra4 Rc7 26. Rb1 Ke7 27. Ra6 Bd4
28. Rc1 Rb2 29. Rc4 Kd7 30. Kh3 Be3 31. Rc3 Bd4 32. Rc4 Be3 33. Kg4 Bf2 34. Rca4
c4 35. Rxc4 Rxc4 36. bxc4 Bb6 37. Ra3 Rc2 38. Ra4 Kd6 39. f5 Kc5 40. fxe6 fxe6
41. Kf4 Rxc4+ 42. Rxc4+ Kxc4 43. Ke5 Bc7+ 44. Kxe6 Bxg3 45. Bd5+ Kd4 46. e4 Be5
47. Kf5 Bf6 48. Kg6 Ke5 1/2-1/2

[Event "MrDodgy Invitational 2"]
[Site "chess24.com INT"]
[Date "2021.05.14"]
[Round "2.5"]
[Board "3"]
[White "Vidit, Santosh Gujrathi"]
[Black "Howell, David W L"]
[Result "0-1"]
[WhiteTitle "GM"]
[BlackTitle "GM"]
[WhiteElo "2726"]
[BlackElo "2658"]
[WhiteFideId "5029465"]
[BlackFideId "410608"]
[EventDate "2021.05.12"]
[EventType "k.o."]

1. d4 d5 2. c4 c6 3. Nf3 Nf6 4. Nc3 dxc4 5. a4 e6 6. e3 c5 7. Bxc4 cxd4 8. exd4
Be7 9. O-O O-O 10. Qe2 Nc6 11. Rd1 Nd5 12. Bd2 Bf6 13. Qe4 Nce7 14. h4 b6 15.
Ng5 Bxg5 16. Bxg5 f6 17. Bd2 Qd6 18. Re1 Bd7 19. Nb5 Qb8 20. Bd3 f5 21. Qf3 a6
22. Nc3 Qd6 23. Bc4 Bc6 24. Qe2 Kf7 25. Bxa6 Ng6 26. g3 Nxc3 27. bxc3 Qd5 28. f3
Rxa6 29. c4 Qxd4+ 30. Be3 Qe5 31. c5 Qxg3+ 0-1

[Event "MrDodgy Invitational 2"]
[Site "chess24.com INT"]
[Date "2021.05.14"]
[Round "2.6"]
[Board "3"]
[White "Howell, David W L"]
[Black "Vidit, Santosh Gujrathi"]
[Result "0-1"]
[WhiteTitle "GM"]
[BlackTitle "GM"]
[WhiteElo "2658"]
[BlackElo "2726"]
[WhiteFideId "410608"]
[BlackFideId "5029465"]
[EventDate "2021.05.12"]
[EventType "k.o."]

1. Nf3 d5 2. g3 Nf6 3. Bg2 c5 4. O-O g6 5. d4 cxd4 6. Nxd4 Bg7 7. Nb3 Nc6 8. Nc3
e6 9. a4 O-O 10. Re1 Re8 11. a5 h6 12. Be3 Bd7 13. Nc5 Nxa5 14. Qc1 Kh7 15. Nxd7
Nxd7 16. Rd1 b6 17. Nb5 Ne5 18. Bd4 a6 19. Na3 Nac6 20. Bc3 b5 21. Be1 Qb6 22.
c3 Rac8 23. Nc2 a5 24. e4 dxe4 25. Bxe4 Rcd8 26. Ne3 f5 27. Bg2 a4 28. Qc2 Na5
29. Rxd8 Rxd8 30. Rd1 Rxd1 31. Qxd1 Nac4 32. Nxc4 bxc4 33. Qxa4 Qxb2 34. Kf1 Qb1
35. Qa6 Qd3+ 36. Kg1 Qe2 0-1

[Event "MrDodgy Invitational 2"]
[Site "chess24.com INT"]
[Date "2021.05.14"]
[Round "2.7"]
[Board "3"]
[White "Vidit, Santosh Gujrathi"]
[Black "Howell, David W L"]
[Result "1-0"]
[WhiteTitle "GM"]
[BlackTitle "GM"]
[WhiteElo "2726"]
[BlackElo "2658"]
[WhiteFideId "5029465"]
[BlackFideId "410608"]
[EventDate "2021.05.12"]
[EventType "k.o."]

1. d4 d5 2. c4 c6 3. Nf3 Nf6 4. Nc3 dxc4 5. a4 e6 6. e3 c5 7. Bxc4 cxd4 8. exd4
Be7 9. O-O O-O 10. Qe2 Nc6 11. Rd1 Nd5 12. Bd3 Ncb4 13. Bb1 Bd7 14. Ne5 Rc8 15.
Ne4 Bc6 16. Ra3 g6 17. Bh6 Re8 18. Rf3 f5 19. Nc5 Bxc5 20. dxc5 Qf6 21. Rg3 Bxa4
22. b3 Bb5 23. Qxb5 Qxe5 24. h4 Nc6 25. Qxb7 Rc7 26. Qa6 Nc3 27. Re3 Qxc5 28.
Rc1 Qb5 29. Qa1 Nxb1 30. Qxb1 Rd7 31. Qb2 Nd4 32. Rc4 e5 33. Qc3 Qd5 34. Rc5 Qd6
35. Qc4+ Kh8 36. Re1 Rde7 37. Rd5 Qb8 38. Rd1 Ne6 39. Rd6 Qc7 40. Rc6 Qa5 41.
Rdd6 Qe1+ 42. Qf1 Qxf2+ 43. Qxf2 e4 44. Bg5 Nxg5 45. Qb2+ Kg8 46. hxg5 e3 47.
Rxg6+ hxg6 48. Rxg6+ Kf8 49. Rf6+ 1-0

[Event "MrDodgy Invitational 2"]
[Site "chess24.com INT"]
[Date "2021.05.14"]
[Round "2.8"]
[Board "3"]
[White "Howell, David W L"]
[Black "Vidit, Santosh Gujrathi"]
[Result "1/2-1/2"]
[WhiteTitle "GM"]
[BlackTitle "GM"]
[WhiteElo "2658"]
[BlackElo "2726"]
[WhiteFideId "410608"]
[BlackFideId "5029465"]
[EventDate "2021.05.12"]
[EventType "k.o."]

1. Nf3 d5 2. g3 Nf6 3. Bg2 c5 4. O-O g6 5. d4 cxd4 6. Nxd4 Bg7 7. c4 O-O 8. cxd5
Nxd5 9. Nc3 Nxc3 10. bxc3 Nc6 11. Rb1 Nxd4 12. cxd4 Qxd4 13. Qxd4 Bxd4 14. Bh6
Bg7 15. Be3 Rb8 16. Bxa7 Ra8 17. Bc5 Rxa2 18. Bxe7 Re8 19. Bc5 Raxe2 20. Bxb7
Bxb7 21. Rxb7 1/2-1/2

[Event "MrDodgy Invitational 2"]
[Site "chess24.com INT"]
[Date "2021.05.14"]
[Round "2.9"]
[Board "3"]
[White "Vidit, Santosh Gujrathi"]
[Black "Howell, David W L"]
[Result "1-0"]
[WhiteTitle "GM"]
[BlackTitle "GM"]
[WhiteElo "2726"]
[BlackElo "2658"]
[WhiteFideId "5029465"]
[BlackFideId "410608"]
[EventDate "2021.05.12"]
[EventType "k.o."]

1. d4 d5 2. c4 c6 3. Nf3 Nf6 4. Nc3 dxc4 5. a4 e6 6. e3 c5 7. Bxc4 cxd4 8. exd4
Be7 9. O-O O-O 10. Qe2 Nc6 11. Rd1 Nb4 12. a5 Bd7 13. Ne5 Bc6 14. Bf4 Bd5 15.
Nxd5 Nfxd5 16. Bg3 a6 17. Bb3 Rc8 18. h3 Nc6 19. Ba4 Nxa5 20. Nd7 Re8 21. Ne5 b5
22. Bc2 g6 23. h4 Nc4 24. h5 Bf6 25. hxg6 hxg6 26. Rxa6 Nb4 27. Bxg6 fxg6 28.
Qg4 Bxe5 29. dxe5 Qe7 30. Rad6 Qf7 31. Rd7 Re7 32. Rxe7 Qxe7 33. Qxg6+ Kf8 34.
Rd4 Nd5 35. Rh4 Qg7 36. Qxe6 Rd8 37. Qf5+ Ke7 38. Rh7 1-0

[Event "MrDodgy Invitational 2"]
[Site "chess24.com INT"]
[Date "2021.05.14"]
[Round "2.10"]
[Board "3"]
[White "Howell, David W L"]
[Black "Vidit, Santosh Gujrathi"]
[Result "0-1"]
[WhiteTitle "GM"]
[BlackTitle "GM"]
[WhiteElo "2658"]
[BlackElo "2726"]
[WhiteFideId "410608"]
[BlackFideId "5029465"]
[EventDate "2021.05.12"]
[EventType "k.o."]

1. d4 Nf6 2. c4 e6 3. Nc3 Bb4 4. Qc2 O-O 5. a3 Bxc3+ 6. Qxc3 d5 7. Nf3 dxc4 8.
Qxc4 b6 9. Bg5 Bb7 10. Rc1 h6 11. Bh4 Nbd7 12. e3 c5 13. Be2 Bd5 14. Qa4 g5 15.
Bg3 Ne4 16. O-O a6 17. Rfd1 b5 18. Qc2 Rc8 19. Qb1 Qe7 20. dxc5 Ndxc5 21. Be5 f6
22. Bd4 Kg7 23. Bxc5 Nxc5 24. Nd4 Nb3 25. Rxc8 Rxc8 26. h4 Nxd4 27. Rxd4 Qc7 28.
Qd1 Qc1 29. hxg5 hxg5 30. Rd2 f5 31. Qxc1 Rxc1+ 32. Kh2 g4 33. f3 gxf3 34. gxf3
Kf6 35. Kg3 Ke5 36. Bd3 Kf6 37. Kf2 Rh1 38. Kg2 Ra1 39. e4 fxe4 40. fxe4 Bb7 41.
Bc2 Ke5 42. Rd7 Rc1 43. Bd3 Bc6 44. Ra7 Kd4 45. Be2 Bxe4+ 46. Kf2 Rc2 47. Ke1
Rxb2 48. Rxa6 Ke3 49. Bd1 Bd5 50. Ra7 Rh2 0-1